Greatest NFL Player by Position - Statistics

General Stats
  • This quiz has been taken 132 times
  • The average score is 7 of 9
Answer Stats
Position Teams and Years Player % Correct
Quarterback Patriots 2000-Present Tom Brady
100%
Wide Receiver 49ers 1985-2000, Raiders 2001-2004, Seahawks 2004 Jerry Rice
93%
Running Back Browns 1957-1965 Jim Brown
89%
Tight End Chiefs 1997-2008, Falcons 2009-2013 Tony Gonzalez
84%
Linebacker Giants 1981-1993 Lawrence Taylor
80%
Defensive Lineman Eagles 1985-1992, Packers 1993-1998, Panthers 2000 Reggie White
66%
Special Teams Bears 2006-2013, Falcons 2014-2015, two other teams Devin Hester
65%
Offensive Lineman Bengals 1980-1992 Anthony Munoz
56%
Defensive Back 49ers 1981-1990, Raiders 1991-1992, Jets 1993-1994 Ronnie Lott
54%
No matching quizzes found
Score Distribution
Percent of People with Each Score
Percentile by Number Answered
Your Score History
You have not taken this quiz